[Event "Chigorin Memorial 30th"]
[Site "St Petersburg"]
[Date "2023.10.27"]
[Round "7"]
[White "Artamonova, Ulyana"]
[Black "Rakhlina, Kristina"]
[Result "1/2-1/2"]
[WhiteElo "1305"]
[BlackElo "1544"]
[PlyCount "103"]
[EventDate "2023.10.21"]
[EventType "swiss"]
[EventRounds "9"]
[EventCountry "RUS"]
[SourceTitle "Mega2024 Update 01"]
[Source "Chessbase"]
[SourceDate "2023.11.12"]
[SourceVersion "1"]
[SourceVersionDate "2023.11.12"]
[SourceQuality "1"]

1. e4 c6 2. d4 d5 3. Nc3 dxe4 4. Nxe4 Bf5 5. Ng3 Bg6 6. Nh3 e5 7. dxe5 Qa5+ 8. c3 Qxe5+ 9. Be2 Nd7 10. 0-0 0-0-0 11. Bf4 Qc5 12. Qb3 Qb6 13. Qxb6 Nxb6 14. Bg4+ Nd7 15. Rad1 Ngf6 16. Bf5 Nd5 17. Bxg6 hxg6 18. Bc1 Be7 19. Ne4 Ne5 20. Bg5 f6 21. Bf4 Nf3+ 22. gxf3 Rxh3 23. Bg3 f5 24. Kg2 Rh5 25. c4 fxe4 26. cxd5 exf3+ 27. Kxf3 Rhxd5 28. Rxd5 Rxd5 29. Re1 Kd7 30. Re2 Bf6 31. b3 b5 32. Kg4 Rd4+ 33. f4 g5 34. Kf5 gxf4 35. Bxf4 a5 36. Be3 Rd5+ 37. Kg6 Rd6 38. Bc5 Rd1 39. Rg2 Rh1 40. Bf8 Be5 41. Bxg7 Rxh2 42. Rxh2 Bxh2 43. Kf5 Kd6 44. Ke4 Bg1 45. Bf8+ Kc7 46. Be7 Kd7 47. Bf8 Ke6 48. Ba3 c5 49. Bb2 Kd6 50. Be5+ Kc6 51. a4 Bf2 52. Bc3 1/2-1/2

[Event "Chigorin Memorial 30th"]
[Site "St Petersburg"]
[Date "2023.10.24"]
[Round "4"]
[White "Rakhlina, Kristina"]
[Black "Dushin, Nikolay"]
[Result "1/2-1/2"]
[WhiteElo "1544"]
[BlackElo "1738"]
[PlyCount "94"]
[EventDate "2023.10.21"]
[EventType "swiss"]
[EventRounds "9"]
[EventCountry "RUS"]
[SourceTitle "Mega2024 Update 01"]
[Source "Chessbase"]
[SourceDate "2023.11.12"]
[SourceVersion "1"]
[SourceVersionDate "2023.11.12"]
[SourceQuality "1"]

1. e4 c5 2. Nf3 a6 3. d4 cxd4 4. Nxd4 Nf6 5. Nc3 e5 6. Nf3 Bb4 7. Bd2 Nc6 8. Nd5 Bxd2+ 9. Nxd2 Nxd5 10. exd5 Ne7 11. d6 Nc6 12. Qg4 0-0 13. 0-0-0 b5 14. Nb3 f5 15. Qe2 Rb8 16. g3 a5 17. Bg2 e4 18. f3 a4 19. Nd4 a3 20. Nxc6 dxc6 21. fxe4 axb2+ 22. Kxb2 Qa5 23. Qd3 Be6 24. Ra1 Qb4+ 25. Kc1 Bc4 26. Qd4 Qa3+ 27. Kd2 fxe4 28. Bxe4 Rbd8 29. d7 Rf6 30. Bd3 Bxd3 31. cxd3 Rd6 32. Qc3 Qa7 33. Qb3+ Kh8 34. Rhf1 Qxd7 35. Rf3 h6 36. Raf1 Kh7 37. Qc2 Rd4 38. Kc1 Qd6 39. Rd1 c5 40. Rdf1 Rc8 41. Rf4 Rxd3 42. R4f3 c4 43. Rd1 Qa3+ 44. Kb1 Qb4+ 45. Ka1 Rcd8 46. Rfxd3 cxd3 47. Rxd3 Rxd3 1/2-1/2

[Event "Chigorin Memorial 30th"]
[Site "St Petersburg"]
[Date "2023.10.22"]
[Round "2"]
[White "Chernov, Lev"]
[Black "Rakhlina, Kristina"]
[Result "1-0"]
[WhiteElo "1831"]
[BlackElo "1544"]
[PlyCount "83"]
[EventDate "2023.10.21"]
[EventType "swiss"]
[EventRounds "9"]
[EventCountry "RUS"]
[SourceTitle "Mega2024 Update 01"]
[Source "Chessbase"]
[SourceDate "2023.11.12"]
[SourceVersion "1"]
[SourceVersionDate "2023.11.12"]
[SourceQuality "1"]

1. e4 c6 2. d4 d5 3. e5 Bf5 4. h4 h6 5. Bd3 Bxd3 6. Qxd3 e6 7. Nf3 Qa5+ 8. Nbd2 Qa6 9. c4 Bb4 10. 0-0 Ne7 11. b3 Nd7 12. a3 0-0 13. Bb2 Bxd2 14. Nxd2 Rfd8 15. Qh3 dxc4 16. Nxc4 Nb6 17. Nd2 Nf5 18. Nf3 Qd3 19. Kh2 Nd5 20. Ng1 Qxh3+ 21. Nxh3 Nxh4 22. Ng1 Rac8 23. g3 Nf5 24. g4 Nfe7 25. Rac1 Nf4 26. Rc4 Rd5 27. a4 Rcd8 28. Bc1 Nfg6 29. Nf3 c5 30. dxc5 Nc6 31. Bb2 Ngxe5 32. Nxe5 Nxe5 33. Bxe5 Rxe5 34. b4 h5 35. b5 Kf8 36. c6 bxc6 37. bxc6 Ke7 38. Rb1 Kd6 39. Rb7 a5 40. Rxf7 hxg4 41. Rxg7 Rc8 42. Rd7# 1-0

[Event "St Petersburg Korchnoi Memorial op"]
[Site "St Petersburg"]
[Date "2023.08.22"]
[Round "7"]
[White "Rakhlina, Kristina"]
[Black "Nagalevskiy, Bogdan"]
[Result "1-0"]
[WhiteElo "1431"]
[BlackElo "1382"]
[PlyCount "67"]
[EventDate "2023.08.18"]
[EventType "swiss"]
[EventRounds "9"]
[EventCountry "RUS"]
[SourceTitle "EXT 2024"]
[Source "ChessBase"]
[SourceDate "2023.10.10"]
[SourceVersion "1"]
[SourceVersionDate "2023.10.10"]
[SourceQuality "1"]

1. e4 d6 2. d4 Nf6 3. Nc3 g6 4. f3 c6 5. Be3 b5 6. a3 Nbd7 7. Qd2 Nb6 8. g4 Nc4 9. Bxc4 bxc4 10. Nge2 d5 11. e5 Nd7 12. Bh6 e6 13. Bxf8 Rxf8 14. Qh6 c5 15. f4 a6 16. Nd1 cxd4 17. Nxd4 Qb6 18. c3 Nc5 19. Rf1 Bd7 20. Qh4 Ba4 21. f5 exf5 22. gxf5 Bxd1 23. Rxd1 Qxb2 24. Rd2 Qb1+ 25. Kf2 Qb8 26. Kg2 gxf5 27. Rxf5 Rg8+ 28. Kh3 Ne4 29. Qxh7 Ng5+ 30. Rxg5 Rxg5 31. Rf2 Qc8+ 32. e6 fxe6 33. Qf7+ Kd8 34. Nxe6+ 1-0

[Event "St Petersburg Korchnoi Memorial op"]
[Site "St Petersburg"]
[Date "2023.08.21"]
[Round "6"]
[White "Pankova, Julia"]
[Black "Rakhlina, Kristina"]
[Result "1-0"]
[WhiteElo "1826"]
[BlackElo "1431"]
[PlyCount "93"]
[EventDate "2023.08.18"]
[EventType "swiss"]
[EventRounds "9"]
[EventCountry "RUS"]
[SourceTitle "EXT 2024"]
[Source "ChessBase"]
[SourceDate "2023.10.10"]
[SourceVersion "1"]
[SourceVersionDate "2023.10.10"]
[SourceQuality "1"]

1. e4 c6 2. Nf3 d5 3. d3 Bg4 4. h3 Bxf3 5. Qxf3 g6 6. g3 Bg7 7. Bg2 e6 8. 0-0 Nf6 9. Nd2 0-0 10. Qe2 Na6 11. Kh2 Re8 12. Nb3 Rc8 13. f4 d4 14. g4 Nd7 15. g5 f5 16. gxf6 Nxf6 17. Qf2 c5 18. Nd2 Nb4 19. Nc4 b5 20. Ne5 Nh5 21. a3 Na6 22. a4 b4 23. Nc4 Rf8 24. Qe2 Bh6 25. Qg4 Qe7 26. Bd2 Rf7 27. Rf2 Kh8 28. Raf1 Rcf8 29. Ne5 Rg7 30. Qe2 Qh4 31. Qg4 Qe7 32. c3 b3 33. cxd4 cxd4 34. Qd1 Qh4 35. Qg4 Qe7 36. Nc6 Qd6 37. e5 Qd7 38. Qd1 Rgf7 39. Qxb3 Bxf4+ 40. Bxf4 Nxf4 41. Qb5 Nc7 42. Qc5 Nxd3 43. Qxf8+ Rxf8 44. Rxf8+ Kg7 45. Rd8 Qxd8 46. Nxd8 Nxe5 47. Rd1 1-0

[Event "Chigorin Memorial 29th"]
[Site "St Petersburg"]
[Date "2022.10.27"]
[Round "6"]
[White "Verkhoturov, Damir"]
[Black "Rakhlina, Kristina"]
[Result "1/2-1/2"]
[WhiteElo "1212"]
[BlackElo "1466"]
[PlyCount "80"]
[EventDate "2022.10.22"]
[EventType "swiss"]
[EventRounds "9"]
[EventCountry "RUS"]
[SourceTitle "EXT 2024"]
[Source "ChessBase"]
[SourceDate "2023.10.10"]
[SourceVersion "1"]
[SourceVersionDate "2023.10.10"]
[SourceQuality "1"]

1. e4 c6 2. Nc3 d5 3. Nf3 Bg4 4. h3 Bxf3 5. Qxf3 e6 6. exd5 exd5 7. Be2 Bc5 8. 0-0 Nf6 9. d3 Qc7 10. Bf4 Bd6 11. Qe3+ Kf8 12. Bxd6+ Qxd6 13. d4 Nbd7 14. a3 Re8 15. Qf3 g6 16. Bd3 Kg7 17. Ne2 Ne4 18. Bxe4 Rxe4 19. Ng3 Rf4 20. Qc3 Qf6 21. Qa5 Rxd4 22. Qxa7 Rb8 23. Qa5 b6 24. Qc3 Rc4 25. Qxf6+ Nxf6 26. c3 Ne4 27. Nxe4 Rxe4 28. Rfe1 Rbe8 29. Rxe4 Rxe4 30. a4 Re2 31. b4 Re7 32. a5 bxa5 33. Rxa5 Re1+ 34. Kh2 Re6 35. Rc5 Rd6 36. Ra5 d4 37. cxd4 Rxd4 38. Rc5 Rxb4 39. Rxc6 Rb2 40. Kg3 Rb3+ 1/2-1/2